<?xml version='1.0' encoding='UTF-8'?>
  <record xmlns="http://www.loc.gov/MARC21/slim">
    <leader>00000ckm a2200000 i 4500</leader>
    <controlfield tag="001">on1088438921</controlfield>
    <controlfield tag="003">OCoLC</controlfield>
    <controlfield tag="005">20220621010547.4</controlfield>
    <controlfield tag="007">kl bo|</controlfield>
    <controlfield tag="008">190226s1785    ne nnn f          lndut d</controlfield>
    <datafield tag="040" ind1=" " ind2=" ">
      <subfield code="a">QGJ</subfield>
      <subfield code="b">eng</subfield>
      <subfield code="e">rda</subfield>
      <subfield code="c">QGJ</subfield>
      <subfield code="d">OCLCF</subfield>
      <subfield code="d">QGJ</subfield>
      <subfield code="d">OCLCQ</subfield>
      <subfield code="d">OCLCO</subfield>
    </datafield>
    <datafield tag="035" ind1=" " ind2=" ">
      <subfield code="a">(OCoLC)1088438921</subfield>
    </datafield>
    <datafield tag="100" ind1="1" ind2=" ">
      <subfield code="a">Bischoff, J. F.,</subfield>
      <subfield code="e">draftsman.</subfield>
      <subfield code="4">drm</subfield>
    </datafield>
    <datafield tag="245" ind1="1" ind2="0">
      <subfield code="a">[IJzer canon à 3, 6 en 12 lb.] :</subfield>
      <subfield code="b">[het 1/4 deel van zijn effective groote] /</subfield>
      <subfield code="c">J.F. Bischoff prem. lieuten[an]t d'artill. fecit.</subfield>
    </datafield>
    <datafield tag="246" ind1="3" ind2=" ">
      <subfield code="a">IJzer canon à 3, 6 en 12 pond</subfield>
    </datafield>
    <datafield tag="264" ind1=" " ind2="1">
      <subfield code="a">[The Netherlands],</subfield>
      <subfield code="c">1785.</subfield>
    </datafield>
    <datafield tag="300" ind1=" " ind2=" ">
      <subfield code="a">3 manuscript ink drawings on 1 sheet ;</subfield>
      <subfield code="c">62 x 91 cm</subfield>
    </datafield>
    <datafield tag="336" ind1=" " ind2=" ">
      <subfield code="a">still image</subfield>
      <subfield code="b">sti</subfield>
      <subfield code="2">rdacontent</subfield>
    </datafield>
    <datafield tag="337" ind1=" " ind2=" ">
      <subfield code="a">unmediated</subfield>
      <subfield code="b">n</subfield>
      <subfield code="2">rdamedia</subfield>
    </datafield>
    <datafield tag="338" ind1=" " ind2=" ">
      <subfield code="a">sheet</subfield>
      <subfield code="b">nb</subfield>
      <subfield code="2">rdacarrier</subfield>
    </datafield>
    <datafield tag="500" ind1=" " ind2=" ">
      <subfield code="a">Title devised by cataloger.</subfield>
    </datafield>
    <datafield tag="500" ind1=" " ind2=" ">
      <subfield code="a">With table of proportions: "Proportie tabelle tot de constructie van het ijzer canon â 12 â 6 en â 3 lb. bals."</subfield>
    </datafield>
    <datafield tag="505" ind1="0" ind2=" ">
      <subfield code="a">[1]. IJzer canon a 12 lb. -- [2]. IJzer canon â 6 lb. -- [3]. IJzer canon â 3 lb.</subfield>
    </datafield>
    <datafield tag="507" ind1=" " ind2=" ">
      <subfield code="a">Bar scale Rhijnlandse voet maet.</subfield>
    </datafield>
    <datafield tag="650" ind1=" " ind2="0">
      <subfield code="a">Gunnery.</subfield>
    </datafield>
    <datafield tag="650" ind1=" " ind2="6">
      <subfield code="a">Tir d'artillerie.</subfield>
    </datafield>
    <datafield tag="650" ind1=" " ind2="7">
      <subfield code="a">Gunnery.</subfield>
      <subfield code="2">fast</subfield>
      <subfield code="0">(OCoLC)fst00949419</subfield>
    </datafield>
    <datafield tag="740" ind1="0" ind2=" ">
      <subfield code="a">IJzer canon a 12 lb.</subfield>
    </datafield>
    <datafield tag="740" ind1="0" ind2=" ">
      <subfield code="a">IJzer canon a 6 lb.</subfield>
    </datafield>
    <datafield tag="740" ind1="0" ind2=" ">
      <subfield code="a">IJzer canon a 3 lb.</subfield>
    </datafield>
  </record>